10 najczęściej wykonywanych quizów na JetPunk - Statystyki

Ogólne statystyki
  • Ten quiz został rozwiązany 25 razy
  • Średni wynik to 3 z 10
Statystyki odpowiedzi
Miejsce Razy wykonany Nazwa quizu % Poprawnych
1. 2,162,488 Państwa Świata
96%
3. 1,000,341 Państwa Europy
58%
8. 364,851 Stolice Europy
42%
5. 538,605 Flagi Europy
21%
6. 413,580 Stany USA
17%
7. 383,811 Największe miasta w Polsce
13%
4. 873,785 Policz jak najwyżej w 15sekund
8%
2. 1,184,058 12 Miesięcy w 15 sekund
4%
10. 295,505 Co to za logo?
4%
9. 330,887 Mapa świata bez 20 losowychpaństw
0%
Nie znaleziono quizów pasujących do podanych kryteriów
Rozkład punktacji
Procent ludzi z każdym wynikiem
Percentyl według liczby udzielonych odpowiedzi
Twoja historia wyników
Nie rozwiązałeś tego quizu